000 00609nam a2200241Ia 4500
003 OSt
005 20221007101335.0
006 a|||||r|||| 00| 0
007 ta
008 221006b |||||||| |||| 00| 0 eng d
024 _a6,278
037 _cTextual
040 _aLCO
_cLCO
_beng
041 _2eng
_aeng
082 _aZ2,75,5, L3
100 _aRAO V R
_9702875
245 0 _aRao & Rao on Criminal Trial.
260 _aBombay
_bN. M. Tripathi
_c1973
300 _a727
650 _aCRIMINAL TRIAL
_9701927
942 _hZ2,75,5, L3
_cTEXL
999 _c1175841
_d1175841